<?xml version="1.0" encoding="UTF-8"?><?xml-stylesheet type="text/xsl" href="static/style.xsl"?><OAI-PMH xmlns="http://www.openarchives.org/OAI/2.0/" xmlns:xsi="http://www.w3.org/2001/XMLSchema-instance" xsi:schemaLocation="http://www.openarchives.org/OAI/2.0/ http://www.openarchives.org/OAI/2.0/OAI-PMH.xsd"><responseDate>2026-06-29T02:43:05Z</responseDate><request verb="GetRecord" identifier="oai:docta.ucm.es:20.500.14352/129435" metadataPrefix="marc">https://docta.ucm.es/rest/oai/request</request><GetRecord><record><header><identifier>oai:docta.ucm.es:20.500.14352/129435</identifier><datestamp>2025-12-20T01:21:11Z</datestamp><setSpec>com_20.500.14352_14</setSpec><setSpec>col_20.500.14352_15</setSpec></header><metadata><record xmlns="http://www.loc.gov/MARC21/slim" xmlns:dcterms="http://purl.org/dc/terms/" xmlns:xsi="http://www.w3.org/2001/XMLSchema-instance" xmlns:doc="http://www.lyncode.com/xoai" xsi:schemaLocation="http://www.loc.gov/MARC21/slim http://www.loc.gov/standards/marcxml/schema/MARC21slim.xsd">
   <leader>00925njm 22002777a 4500</leader>
   <datafield ind2=" " ind1=" " tag="042">
      <subfield code="a">dc</subfield>
   </datafield>
   <datafield ind2=" " ind1=" " tag="720">
      <subfield code="a">Vaquero Martínez, Sergio</subfield>
      <subfield code="e">author</subfield>
   </datafield>
   <datafield ind2=" " ind1=" " tag="260">
      <subfield code="c">2025-02-06</subfield>
   </datafield>
   <datafield ind2=" " ind1=" " tag="520">
      <subfield code="a">Este trabajo analiza el discurso producido por los guardias civiles sobre su carácter militar en la Segunda República a través del estudio de los artículos publicados en su revista corporativa de referencia: la Revista Técnica de la Guardia Civil. El objetivo es examinar los significados que atribuyeron a dicha idea para mantener su autonomía respecto al poder militar e impedir la implantación de modelos organizativos y protocolos operativos propios del Ejército. Se sostiene que la estrategia que aplicaron consistió en asociar semánticamente su naturaleza castrense a los atributos institucionales específicos de las fuerzas gendármicas, los cuales se enraizaban en su peculiar condición híbrida.</subfield>
   </datafield>
   <datafield ind2=" " ind1=" " tag="520">
      <subfield code="a">This paper analyses the discourse produced by civil guards on their military character in the Second Republic through the study of the articles published in their leading professional journal: the Revista Técnica de la Guardia Civil. It aims to examine how they defined that idea in order to keep their autonomy regarding the military power and to avoid the implementation of the Army's organizational models and action procedures. It argues that the strategy applied was to link semantically their military nature to the specific institutional features of the gendarmerie forces, which were rooted in their particular hybrid condition.</subfield>
   </datafield>
   <datafield ind1="8" ind2=" " tag="024">
      <subfield code="a">Vaquero Martínez, S. (2025). “Soldados del orden”: el discurso corporativo sobre el carácter militar de la Guardia Civil en la Segunda República, 1931-1936. Vínculos de Historia, 14, 361-376.</subfield>
   </datafield>
   <datafield ind1="8" ind2=" " tag="024">
      <subfield code="a">10.18239/vdh_2025.14.18</subfield>
   </datafield>
   <datafield ind1="8" ind2=" " tag="024">
      <subfield code="a">https://hdl.handle.net/20.500.14352/129435</subfield>
   </datafield>
   <datafield ind1="8" ind2=" " tag="024">
      <subfield code="a">2254-6901</subfield>
   </datafield>
   <datafield ind1="8" ind2=" " tag="024">
      <subfield code="a">https://doi.org/10.18239/vdh_2025.14.18</subfield>
   </datafield>
   <datafield ind1="8" ind2=" " tag="024">
      <subfield code="a">https://vinculosdehistoria.com/index.php/vinculos/article/view/vdh_2025.14.18/0</subfield>
   </datafield>
   <datafield ind1="8" ind2=" " tag="024">
      <subfield code="a">https://dialnet.unirioja.es/servlet/articulo?codigo=10236836</subfield>
   </datafield>
   <datafield ind2="0" ind1="0" tag="245">
      <subfield code="a">“Soldados del orden”: el discurso corporativo sobre el carácter militar de la Guardia Civil en la Segunda República, 1931-1936</subfield>
   </datafield>
   <datafield ind2="0" ind1="0" tag="245">
      <subfield code="a">“Soldiers of order”: The professional discourse on the Civil Guard’s military character in the Second Republic, 1931-1936</subfield>
   </datafield>
</record></metadata></record></GetRecord></OAI-PMH>